| 000 | 01090nac a22002531u 4500 | ||
|---|---|---|---|
| 010 | _a2004040419 | ||
| 020 | _a0126437327 (alk. paper) | ||
| 082 | 0 | 0 |
_a615.19 _bS5875 |
| 090 |
_c1633 _d1633 |
||
| 100 | _aSilverman, Richard B. | ||
| 245 | 1 | 4 |
_aThe organic chemistry of drug design and drug action / _cRichard B. Silverman. |
| 250 | _a2nd ed. | ||
| 260 |
_aAmsterdam ; _aBoston : _bElsevier Academic Press,2004 _c2004. |
||
| 300 |
_axix, 617 p., [12] p. of plates : _bill. (some col.) ; _c27 cm. |
||
| 504 | _aIncludes bibliographical references and index. | ||
| 650 | 0 | _aPharmaceutical chemistry. | |
| 650 | 0 | _aBioorganic chemistry. | |
| 650 | 0 | _aMolecular pharmacology. | |
| 650 | 0 |
_aDrugs _xDesign. |
|
| 856 | 4 | 1 |
_3Table of contents _uhttp://www.loc.gov/catdir/toc/els051/2004040419.html |
| 856 | 4 | 1 |
_3Publisher description _uhttp://www.loc.gov/catdir/description/els051/2004040419.html |
| 942 |
_cBB _k615.19S5875 |
||
| 999 |
_c1633 _d1633 |
||